Suomen suurimmat lukiot - Statistics

Yleistilastot
  • Tätä visaa on pelattu 178 kertaa
  • Keskiarvotulos 5 / 20
Vastaustilastot
kaupunki opiskelijat lukio % Oikein
Helsinki 885 Ressun lukio
72%
Vantaa 1500 Tikkurilan lukio
63%
Järvenpää 1128 Järvenpään lukio
45%
Hyvinkää 1026 Hyvinkään lukio
41%
Pori 1257 Porin lukio
36%
Seinäjoki 954 Seinäjoen lukio
29%
Lahti 924 Lahden lyseo
28%
Jyväskylä 1347 Schildtin lukio
27%
Jyväskylä 1284 Jyväskylän Lyseon lukio
25%
Vantaa 1074 Vaskivuoren lukio
25%
Lahti 1326 Lahden Gaudia
20%
Espoo 1152 Otaniemen lukio
20%
Helsinki 939 Mäkelänrinteen lukio
19%
Helsinki 951 Helsingin medialukio
17%
Tampere 930 Tampereen yhteiskoulun lukio
13%
Helsinki 939 Helsingin luonnontiedelukio
12%
Tampere 915
Sammon keskuslukio
8%
Oulu 873 Kastellin lukio
7%
Helsinki 1131 Eiran aikuislukio
6%
"Mikkeli" 912 Nettilukio
1%
Ehtoja vastaavia visoja ei löytynyt
Tulosjakauma
Jokaisen tuloksen saaneiden osuus
Persentiili vastausten määrän mukaan
Tuloshistoriasi
Et ole pelannut tätä visaa